The changing face of earth / (Record no. 184777)
[ view plain ]
| 000 -LEADER | |
|---|---|
| fixed length control field | 01023 a2200253 4500 |
| 003 - CONTROL NUMBER IDENTIFIER | |
| control field | Nust |
| 005 - DATE AND TIME OF LATEST TRANSACTION | |
| control field | 20221215142618.0 |
| 010 ## - LIBRARY OF CONGRESS CONTROL NUMBER | |
| LC control number | 89011339 |
| 020 ## - INTERNATIONAL STANDARD BOOK NUMBER | |
| International Standard Book Number | 0836800338 |
| 040 ## - CATALOGING SOURCE | |
| Transcribing agency | Nust |
| 082 00 - DEWEY DECIMAL CLASSIFICATION NUMBER | |
| Classification number | 304.2,BRO |
| 100 1# - MAIN ENTRY--PERSONAL NAME | |
| Personal name | Brown, Robert, |
| 9 (RLIN) | 100149 |
| 245 14 - TITLE STATEMENT | |
| Title | The changing face of earth / |
| Statement of responsibility, etc. | Robert Brown. |
| 260 ## - PUBLICATION, DISTRIBUTION, ETC. | |
| Place of publication, distribution, etc. | Milwaukee : |
| Name of publisher, distributor, etc. | G. Stevens Children's Books, |
| Date of publication, distribution, etc. | 1990. |
| 300 ## - PHYSICAL DESCRIPTION | |
| Extent | 64 p. : |
| Other physical details | col. ill. ; |
| Dimensions | 26 cm. |
| 440 #0 - SERIES STATEMENT/ADDED ENTRY--TITLE | |
| Title | My first reference library |
| 9 (RLIN) | 100150 |
| 505 ## - FORMATTED CONTENTS NOTE | |
| Formatted contents note | The Changing Earth (Page-4), The Environment (Page-10), Farming (Page-16), Settlements (Page-24), Commerce and Industry (Page-32), Transpiration (Page-40), Landscape Under Pressure (Page-48), Knowing What is Happing (Page-54). |
| 650 #0 - SUBJECT ADDED ENTRY--TOPICAL TERM | |
| Topical term or geographic name entry element | Landscape changes |
| General subdivision | Juvenile literature. |
| 9 (RLIN) | 104991 |
| 650 #0 - SUBJECT ADDED ENTRY--TOPICAL TERM | |
| Topical term or geographic name entry element | Landscape changes. |
| 9 (RLIN) | 25595 |
| 650 #0 - SUBJECT ADDED ENTRY--TOPICAL TERM | |
| Topical term or geographic name entry element | Nature |
| General subdivision | Effect of human beings on |
| -- | Juvenile literature. |
| 9 (RLIN) | 104992 |
| 650 #0 - SUBJECT ADDED ENTRY--TOPICAL TERM | |
| Topical term or geographic name entry element | Nature |
| General subdivision | Effect of human beings on. |
| 9 (RLIN) | 2630 |
| 700 1# - ADDED ENTRY--PERSONAL NAME | |
| Personal name | Money, D. C. |
| 9 (RLIN) | 104993 |
| 942 ## - ADDED ENTRY ELEMENTS (KOHA) | |
| Source of classification or shelving scheme | |
| Koha item type | Book |
| Call number prefix | 304.2,BRO |
| Withdrawn status | Lost status | Source of classification or shelving scheme | Damaged status | Not for loan | Permanent Location | Current Location | Shelving location | Date acquired | Full call number | Barcode | Date last seen | Price effective from | Koha item type | Public note |
|---|---|---|---|---|---|---|---|---|---|---|---|---|---|---|
| Military College of Signals (MCS) | Military College of Signals (MCS) | General Stacks | 12/12/2016 | 304.2,BRO | MCS2049 | 12/08/2016 | 12/12/2016 | Book | Almirah No.49, Shelf No.2 |
